| 000 | 01480nac a22003011i 4500 | ||
|---|---|---|---|
| 003 | EG-ScBUE | ||
| 005 | 20231012110602.0 | ||
| 008 | 101215s1999 mr f b 000 0bara d | ||
| 017 | _a1447 / 99 | ||
| 020 | _a99812619810 | ||
| 040 |
_aEG-ScBUE _bara _erda _cEG-ScBUE _dEG-ScBUE |
||
| 082 | 0 | 4 |
_a925.3 _bم ن ظ _222 |
| 110 | 2 |
_aالمنظمة الإسلامية للتربية و العلوم و الثقافة، _eمؤلف. _921517 |
|
| 245 | 1 | 0 |
_aأعمال ندوة ابن الهيثم الطبيب والفيلسوف المسلم / _cالمنظمة الإسلامية للتربية والعلوم والثقافة، المنظمة الإسلامية للعلوم الطبية. |
| 260 |
_aالمغرب : _bالمنظمتين ،1999 _c1999. |
||
| 264 |
_aالرباط : _bالمنظمة الإسلامية للتربية و العلوم و الثقافة، _c1999. |
||
| 300 |
_a201 صفحة ؛ _c24 سم |
||
| 336 |
_2rdacontent _aنص _btxt |
||
| 337 |
_2rdamedia _aبدون وسيط _bn |
||
| 338 |
_2rdacarrier _aمجلد _bnc |
||
| 504 | _aيشتمل على إرجاعات ببليوجرافية. | ||
| 600 | 1 | 7 |
_921515 _aابن الهيثم، محمد بن الحسن، _d354-حو. 430 هـ.. _2BUEsh |
| 650 | 7 |
_aالعلماء العرب _vتراجم. _2BUEsh _916024 |
|
| 650 |
_aالفلاسفة العرب _vتراجم _2BUEsh _917443 |
||
| 655 | _vReading book | ||
| 710 | 2 |
_aالمنظمة الإسلامية للعلوم الطبية. _921516 |
|
| 942 |
_cBB _2ddc |
||
| 999 |
_c6666 _d6666 |
||